00707nam a2200217Ia 4500003000900000008004100009020001800050040001600068080001500084100002500099245008000124260003900204300001600243650004100259650002700300650001700327700002200344942000700366999001500373952010100388IN-BaIIA211028s9999 xx 000 0 eng d a0-7167-1467-1 cIIA Library a523.4bTHE aMurray, Bruce912291 4aThe planetsbreadings from Scientific AmericancBruce Murray and Carl Sagan aSan FranciscobW. H. Freemanc1983 aviii, 132p. aAstronomy and Astrophysics Thesaurus aPlanetary Systems9965 aPlanets9971 aSagan, Carl94728 cBK c8197d8197 00104070aBANbBANcGENd1985-04-02l0o523.4/ THEp9036r2021-11-05w1985-04-02yBKG£ 23.95